000 00680nam a22001697a 4500
003 MACL
005 20151018172918.0
008 151018b xxu||||| |||| 00| 0 eng d
040 _cMACL
041 _aHindi
082 _a741.642
100 _4341/5
_aशर्मा,मीनाक्षी
_915972
245 _aरिश्ता/विज्ञान की खोज/गणित की भाषा/महान क्रांतिकारी राजगुरु/अपनी अपनी पुंछ
260 _aदिल्ली
_bऋचा पुस्तक सदन
_c2010
650 _aचिल्ड्रन बुक्स
_9343
942 _2ddc
_cHIN
999 _c50390
_d50390